000 00690nam a2200181 i 4500
001 189518
003 SpMaBN
005 20230906223506.0
008 190606s1973 sp |||| | spa d
080 _a340.114(04)
100 1 _aQuintana Redondo, Carmelo.
_9167296
245 1 0 _aSeguridad jurídica
_b: discurso /
_cleído el 4 de mayo de 1973 en sesión solemne por el académico de honor... D. Carmelo Quintana Redondo.
260 _aLa Coruña :
_bAcademia Gallega de Jurisprudencia y Legislación,
_c1973.
300 _a55 p. ;
_c27 cm.
650 0 7 _aSeguridad jurídica.
_917022
710 2 _aAcademia Gallega de Jurisprudencia y Legislación.
_91197
852 _aES-MaACL
_j2341-F-15
999 _c189518
_d189518